<?xml version="1.0" encoding="UTF-8"?>
<collection xmlns="http://www.loc.gov/MARC21/slim">
 <record>
  <leader>03118nam a2200469 i 4500</leader>
  <controlfield tag="001">elibro.ELB129012</controlfield>
  <controlfield tag="003">FINmELB</controlfield>
  <controlfield tag="005">20210604101111.0</controlfield>
  <controlfield tag="006">m     o  d |      </controlfield>
  <controlfield tag="007">cr cnu||||||||</controlfield>
  <controlfield tag="008">210604s2014    ck a    o     000 0 spa d</controlfield>
  <datafield tag="020" ind1=" " ind2=" ">
   <subfield code="a">9781512981872</subfield>
   <subfield code="q">(e-book)</subfield>
  </datafield>
  <datafield tag="020" ind1=" " ind2=" ">
   <subfield code="z">9789588642529</subfield>
  </datafield>
  <datafield tag="035" ind1=" " ind2=" ">
   <subfield code="a">(OCoLC)1257035101</subfield>
  </datafield>
  <datafield tag="040" ind1=" " ind2=" ">
   <subfield code="a">FINmELB</subfield>
   <subfield code="b">spa</subfield>
   <subfield code="e">rda</subfield>
   <subfield code="c">FINmELB</subfield>
  </datafield>
  <datafield tag="050" ind1="0" ind2="0">
   <subfield code="a">QH121</subfield>
   <subfield code="b">.D534 2014</subfield>
  </datafield>
  <datafield tag="082" ind1="0" ind2="0">
   <subfield code="a">508.861</subfield>
   <subfield code="2">23</subfield>
  </datafield>
  <datafield tag="245" ind1="0" ind2="0">
   <subfield code="a">Diagnóstico fisicoquímico, biológico y microbiológico de las aguas del Embalse de La Copa :</subfield>
   <subfield code="b">(Boyacá) /</subfield>
   <subfield code="c">investigadores, Gabriel Ricardo Cifuentes Osorio, Rodolfo Alfonso Gamboa Becerra, Zulma Edelmira Rocha Gil.</subfield>
  </datafield>
  <datafield tag="264" ind1=" " ind2="1">
   <subfield code="a">Boyacá, Colombia :</subfield>
   <subfield code="b">Universidad de Boyacá, Centro de Investigaciones para el Desarrollo, Facultad de Ciencias e Ingeniería,</subfield>
   <subfield code="c">2014.</subfield>
  </datafield>
  <datafield tag="300" ind1=" " ind2=" ">
   <subfield code="a">1 recurso en línea (109 páginas) :</subfield>
   <subfield code="b">ilustraciones</subfield>
  </datafield>
  <datafield tag="336" ind1=" " ind2=" ">
   <subfield code="a">texto</subfield>
   <subfield code="b">txt</subfield>
   <subfield code="2">rdacontent/spa</subfield>
  </datafield>
  <datafield tag="337" ind1=" " ind2=" ">
   <subfield code="a">computadora</subfield>
   <subfield code="b">c</subfield>
   <subfield code="2">rdamedia/spa</subfield>
  </datafield>
  <datafield tag="338" ind1=" " ind2=" ">
   <subfield code="a">recurso en línea</subfield>
   <subfield code="b">cr</subfield>
   <subfield code="2">rdacarrier/spa</subfield>
  </datafield>
  <datafield tag="505" ind1="0" ind2=" ">
   <subfield code="a">PÁGINA LEGAL -- TABLA DE CONTENIDO -- INTRODUCCIÓN -- GENERALIDADES DE LOS EMBALSES -- ALTERACIONES FÍSICAS EN LOS CUERPOS DE AGUA -- LOS SEDIMENTOS Y COMPOSICIÓN -- ESTRUCTURA DE ECOSISTEMAS LÉNTICOS -- FÍSICO - QUÍMICA DE LOS EMBALSES -- NORMATIVIDAD ASOCIADA A LOS EMBALSES -- ZONA DE ESTUDIO -- CARACTERÍSTICAS HIDROCLIMÁTICAS DEL EMBALSE -- CARACTERIZACIÓN FÍSICO-QUÍMICA -- CARACTERIZACIÓN BIOLÓGICA -- CARACTERIZACIÓN MICROBIOLÓGICA -- ESTADO ACTUAL DEL EMBALSE -- FISICOQUÍMICO -- BIOLÓGICO -- MICROBIOLÓGICO -- ÍNDICE DE CALIDAD DE AGUA -- GLOSARIO -- BIBLIOGRAFÍA.</subfield>
  </datafield>
  <datafield tag="520" ind1=" " ind2=" ">
   <subfield code="a">En este material se establece el comportamiento que presenta las aguas del embalse de la Copa en diferentes estacionalidades pluviométricas, integrando aspectos fisicoquímicos con la composición y abundancia de la comunidad fitoplactónica, junto con la presencia de varios grupos bacterianos (coliformes) como indicadores biológicos de la calidad del agua. Las condiciones anteriormente expuestas permiten establecer elementos de análisis en cuanto a las posibles alteraciones y proporciona herramientas para establecer comparaciones y fundamentos básicos requeridos para el manejo y ordenamiento racional del recurso hídrico, así como para el control de la calidad ambiental del mismo.</subfield>
  </datafield>
  <datafield tag="588" ind1=" " ind2=" ">
   <subfield code="a">Descripción basada en metadatos suministrados por el editor y otras fuentes.</subfield>
  </datafield>
  <datafield tag="590" ind1=" " ind2=" ">
   <subfield code="a">Recurso electrónico. Santa Fe, Arg.: elibro, 2021. Disponible vía World Wide Web. El acceso puede estar limitado para las bibliotecas afiliadas a elibro.</subfield>
  </datafield>
  <datafield tag="650" ind1=" " ind2="0">
   <subfield code="a">Reservoirs.</subfield>
  </datafield>
  <datafield tag="650" ind1=" " ind2="4">
   <subfield code="a">Química del agua.</subfield>
  </datafield>
  <datafield tag="650" ind1=" " ind2="4">
   <subfield code="a">Microorganismos.</subfield>
  </datafield>
  <datafield tag="650" ind1=" " ind2="4">
   <subfield code="a">Limnología.</subfield>
  </datafield>
  <datafield tag="650" ind1=" " ind2="4">
   <subfield code="a">Historia Natural.</subfield>
  </datafield>
  <datafield tag="650" ind1=" " ind2="4">
   <subfield code="a">Embalses.</subfield>
  </datafield>
  <datafield tag="650" ind1=" " ind2="0">
   <subfield code="a">Limnology.</subfield>
  </datafield>
  <datafield tag="650" ind1=" " ind2="0">
   <subfield code="a">Water chemistry.</subfield>
  </datafield>
  <datafield tag="650" ind1=" " ind2="0">
   <subfield code="a">Natural history.</subfield>
  </datafield>
  <datafield tag="650" ind1=" " ind2="0">
   <subfield code="a">Microorganisms.</subfield>
  </datafield>
  <datafield tag="655" ind1=" " ind2="4">
   <subfield code="a">Libros electrónicos.</subfield>
  </datafield>
  <datafield tag="797" ind1="2" ind2=" ">
   <subfield code="a">elibro, Corp.</subfield>
  </datafield>
  <datafield tag="856" ind1="4" ind2="0">
   <subfield code="u">https://elibro.net/ereader/unsbiblio/129012</subfield>
  </datafield>
  <datafield tag="950" ind1=" " ind2=" ">
   <subfield code="a">eLibro Cátedra</subfield>
  </datafield>
  <datafield tag="950" ind1=" " ind2=" ">
   <subfield code="a">eLibro Cátedra España</subfield>
  </datafield>
 </record>
</collection>
